hijabista (Record no. 170795)
[ view plain ]
| 000 -LEADER | |
|---|---|
| fixed length control field | 00932nab a22002891i 4500 |
| 005 - DATE AND TIME OF LATEST TRANSACTION | |
| control field | 20190225160655.0 |
| 008 - FIXED-LENGTH DATA ELEMENTS--GENERAL INFORMATION | |
| fixed length control field | 190103c20199999my mr p|||||||00| a1may d |
| 020 ## - INTERNATIONAL STANDARD BOOK NUMBER | |
| International Standard Book Number | 9772232125080 |
| Terms of availability | RM 10.00 |
| Qualifying information | paperback. |
| 022 ## - INTERNATIONAL STANDARD SERIAL NUMBER | |
| International Standard Serial Number | 1675-0381 |
| 040 ## - CATALOGING SOURCE | |
| Original cataloging agency | PPAK |
| Transcribing agency | PPAK |
| Description conventions | rda |
| 082 04 - DEWEY DECIMAL CLASSIFICATION NUMBER | |
| Classification number | 297.5705 |
| Edition number | 23 |
| 090 00 - LOCALLY ASSIGNED LC-TYPE CALL NUMBER (OCLC); LOCAL CALL NUMBER (RLIN) | |
| Classification number (OCLC) (R) ; Classification number, CALL (RLIN) (NR) | 297.5705 |
| Local cutter number (OCLC) ; Book number/undivided call number, CALL (RLIN) | HIJ |
| Feature heading | G |
| Classification number (OCLC) (R) ; Classification number, CALL (RLIN) (NR) | 297.5705 |
| Local cutter number (OCLC) ; Book number/undivided call number, CALL (RLIN) | HIJ |
| Feature heading | R |
| 222 #0 - KEY TITLE | |
| Key title | Hijabista |
| 245 00 - TITLE STATEMENT | |
| Title | hijabista |
| 264 #1 - PRODUCTION, PUBLICATION, DISTRIBUTION, MANUFACTURE, AND COPYRIGHT NOTICE | |
| Place of production, publication, distribution, manufacture | Shah Alam : |
| Name of producer, publisher, distributor, manufacturer | Nu Ideaktiv Sdn Bhd, |
| Date of production, publication, distribution, manufacture, or copyright notice | 2019- |
| Place of production, publication, distribution, manufacture | Shah Alam : |
| Name of producer, publisher, distributor, manufacturer | Karangkraf Network Sdn. Bhd, |
| Date of production, publication, distribution, manufacture, or copyright notice | 2019- |
| 300 ## - PHYSICAL DESCRIPTION | |
| Extent | 128 pages ; |
| Other physical details | colour, illustration , photograps |
| Dimensions | 28 cm. |
| 310 ## - CURRENT PUBLICATION FREQUENCY | |
| Current publication frequency | Volume 64 |
| Date of current publication frequency | JAN-MAC 2019 |
| 362 ## - DATES OF PUBLICATION AND/OR SEQUENTIAL DESIGNATION | |
| Dates of publication and/or sequential designation | First edition (2012) |
| 365 ## - TRADE PRICE | |
| Price amount | 10.00 |
| Currency code | MYR |
| 500 ## - GENERAL NOTE | |
| General note | Exclusively for Hijabista. |
| 650 10 - SUBJECT ADDED ENTRY--TOPICAL TERM | |
| Topical term or geographic name entry element | Hijab (Islamic clothing) |
| Form subdivision | Periodicals |
| Topical term or geographic name entry element | Muslim women |
| Form subdivision | Periodicals |
| General subdivision | Clothing |
| Topical term or geographic name entry element | Islamic clothing and dress |
| Form subdivision | Periodicals |
| 942 ## - ADDED ENTRY ELEMENTS (KOHA) | |
| Source of classification or shelving scheme | Dewey Decimal Classification |
| Koha item type | Serial |
| Withdrawn status | Lost status | Source of classification or shelving scheme | Damaged status | Not for loan | Home library | Current library | Shelving location | Date acquired | Source of acquisition | Cost, normal purchase price | Serial Enumeration / chronology | Full call number | Barcode | Date last seen | Cost, replacement price | Price effective from | Koha item type |
|---|---|---|---|---|---|---|---|---|---|---|---|---|---|---|---|---|---|
| Dewey Decimal Classification | Not For Loan | Perpustakaan Alor Setar | Perpustakaan Alor Setar | R | 07/01/2019 | Syarikat Mohamed Farook | 10.00 | Januari - Mac 2019 (Volume 64) | R 297.5705 HIJ | A00622305 | 07/01/2019 | 10.00 | 07/01/2019 | Serial | |||
| Dewey Decimal Classification | Not For Loan | Perpustakaan Alor Setar | Perpustakaan Alor Setar | R | 15/10/2019 | Syarikat Mohamed Farook | 10.00 | Oktober - Disember 2019 (Volume 67) | R 297.5705 HIJ | A00623881 | 15/10/2019 | 10.00 | 15/10/2019 | Serial |